| 000 | 00394nam a2200157Ia 4500 | ||
|---|---|---|---|
| 008 | 230524s9999 xx 000 0 und d | ||
| 082 |
_a642.151 _bHAR |
||
| 100 | _aSheila C.Haran | ||
| 245 | 0 | _aSynchronous Induction and Special Machines | |
| 250 | _a1ST | ||
| 260 |
_aNEW DELHI _bScitech _c2001 |
||
| 300 | _a5.36+0.4 | ||
| 500 | _aQuantity Number: 2 | ||
| 650 | _aMechanics | ||
| 942 | _cBK | ||
| 999 |
_c24366 _d24366 |
||